|
|
|
|
| LEADER |
00000nab a2200000 ar4500 |
| 001 |
vtls008984903 |
| 003 |
SK-MaSNL |
| 005 |
20260303205119.0 |
| 008 |
070427c2007 xo mr|p|||||||000 b|slo |
| 015 |
|
|
|a SNBRB2007/04
|2 snkbucl
|
| 038 |
|
|
|a SNKBUCL
|
| 040 |
|
|
|a SNKBUCL
|b slo
|c SNKBUCL
|e AACR2
|
| 041 |
0 |
|
|a slo
|
| 044 |
|
|
|a xo
|c SK
|
| 080 |
|
|
|a 657.23
|2 2001
|
| 080 |
|
|
|a 657.411.6
|2 2001
|
| 100 |
1 |
|
|a Baštincová, Anna,
|d 1949-
|4 aut
|9 85357
|
| 245 |
1 |
0 |
|a Zmeny v účtovnom zobrazení opravných položiek a rezerv
|c Anna Baštincová
|
| 300 |
|
|
|b Tab.
|
| 650 |
0 |
7 |
|a účtovníctvo
|2 snkbucl
|9 649
|
| 650 |
0 |
7 |
|a opravné položky
|2 snkbucl
|9 771370
|
| 650 |
0 |
7 |
|a rezervy (účtovníctvo)
|2 snkbucl
|9 161201
|
| 773 |
0 |
|
|t Účtovníctvo. Audítorstvo. Daňovníctvo v teórii a praxi
|g Roč. XV, č. 3 (2007), s. 86-93
|x 1335-2024
|
| 852 |
|
|
|a SNK
|b KIS3GCP
|
| 999 |
|
|
|c 2193721
|d 2195651
|